[Event "Oberliga Nord W 1213"]
[White "Nimtz, Manfred"]
[Black "Gottschlich, Carsten"]
[Site "Germany"]
[Round "7.5"]
[Result "1-0"]
[Date "2013.02.24"]
[WhiteElo "2239"]
[BlackElo "2306"]
[PlyCount "35"]
[EventDate "2012.10.14"]
[EventType "team-tourn"]
[EventRounds "9"]
[EventCountry "GER"]
[SourceTitle "EXT 2014"]
[Source "ChessBase"]
[SourceDate "2013.11.20"]
[SourceVersion "1"]
[SourceVersionDate "2013.11.20"]
[SourceQuality "1"]
[WhiteTeam "Braunschweig Gliesmarode"]
[BlackTeam "Goettingen Tempo"]
[WhiteTeamCountry "GER"]
[BlackTeamCountry "GER"]

1. Nf3 c5 2. e4 d5 3. exd5 Qxd5 4. Nc3 Qd8 5. d4 e6 6. Bf4 Nf6 7. dxc5 Bxc5 8. Qxd8+ Kxd8 9. 0-0-0+ Nbd7 10. Ng5 Ke7 11. Nge4 Bb6 12. Bd6+ Ke8 13. Ba3 Nxe4 14. Nxe4 Bc7 15. g3 Nb6 16. Bb5+ Bd7 17. Rxd7 Nxd7 18. Rd1 1-0

[Event "Oberliga Nord W 1213"]
[White "Ohse, Andreas"]
[Black "Gottschlich, Carsten"]
[Site "Germany"]
[Round "5.5"]
[Result "0-1"]
[Date "2013.01.13"]
[WhiteElo "2152"]
[BlackElo "2306"]
[PlyCount "37"]
[EventDate "2012.10.14"]
[EventType "team-tourn"]
[EventRounds "9"]
[EventCountry "GER"]
[SourceTitle "EXT 2014"]
[Source "ChessBase"]
[SourceDate "2013.11.20"]
[SourceVersion "1"]
[SourceVersionDate "2013.11.20"]
[SourceQuality "1"]
[WhiteTeam "Delmenhorst"]
[BlackTeam "Goettingen Tempo"]
[WhiteTeamCountry "GER"]
[BlackTeamCountry "GER"]

1. Nf3 c5 2. g3 d5 3. Bg2 Nc6 4. d4 Bg4 5. Ne5 Bf5 6. Nxc6 bxc6 7. dxc5 Qa5+ 8. Nc3 e6 9. Be3 Bxc5 10. Bxc5 Qxc5 11. e4 dxe4 12. Qe2 Nf6 13. 0-0 Rb8 14. Rab1 Rb4 15. a3 Rd4 16. Rbd1 Bg4 17. Qa6 Bxd1 18. Rxd1 Rxd1+ 19. Nxd1 0-1

[Event "Dresden ZMD op 20th"]
[White "Rozov, Boris"]
[Black "Gottschlich, Carsten"]
[Site "Dresden"]
[Round "9"]
[Result "1/2-1/2"]
[Date "2011.08.14"]
[WhiteElo "2171"]
[BlackElo "2350"]
[PlyCount "168"]
[EventDate "2011.08.06"]
[EventType "swiss"]
[EventRounds "9"]
[EventCountry "GER"]
[SourceTitle "CBM 143 Extra"]
[Source "ChessBase"]
[SourceDate "2011.08.29"]
[SourceVersion "1"]
[SourceVersionDate "2011.08.29"]
[SourceQuality "1"]

1. d4 Nf6 2. Nc3 d5 3. Bg5 Nbd7 4. Nf3 e6 5. e4 dxe4 6. Nxe4 Be7 7. Nxf6+ Bxf6 8. h4 h6 9. Bxf6 Qxf6 10. Qd2 0-0 11. 0-0-0 Rd8 12. Bd3 Kf8 13. Qe3 Nb6 14. c4 Bd7 15. Ne5 Bc6 16. Be4 Bxe4 17. Qxe4 Kg8 18. Rh3 Qe7 19. Qxb7 Rdc8 20. Qc6 a5 21. g4 Qd6 22. Qe4 c5 23. g5 h5 24. f4 Ra7 25. g6 fxg6 26. Nxg6 Re8 27. Ne5 Rc7 28. Rhd3 Qf8 29. Qg6 Rcc8 30. Qe4 a4 31. Kb1 Qf6 32. dxc5 Rxc5 33. Rd6 Nc8 34. Rd7 Ne7 35. Rd8 Rc8 36. Rxe8+ Rxe8 37. Nd7 Qf5 38. Re1 Qxe4+ 39. Rxe4 Nf5 40. c5 Nxh4 41. c6 Nf5 42. Nb6 Kf7 43. c7 Ne7 44. Rxa4 Nc8 45. Nxc8 Rxc8 46. Rc4 Ke7 47. Rc5 g6 48. Rg5 Kf6 49. Rc5 h4 50. b4 h3 51. Rc2 Kf5 52. b5 h2 53. Rxh2 Rxc7 54. Rc2 Rb7 55. a4 e5 56. fxe5 Kxe5 57. Kb2 g5 58. Rc5+ Kd4 59. Rxg5 Kc4 60. Rg4+ Kc5 61. Kc3 Rh7 62. Rg5+ Kb6 63. Rg6+ Kb7 64. Rd6 Rh4 65. Rd4 Rh1 66. a5 Rb1 67. Kc4 Rc1+ 68. Kb4 Rb1+ 69. Kc5 Rc1+ 70. Rc4 Rh1 71. Rc3 Rg1 72. Rc4 Rh1 73. Rg4 Rc1+ 74. Kd4 Rd1+ 75. Ke3 Rd5 76. Rb4 Rh5 77. Kd3 Rg5 78. Kc3 Rh5 79. Kc4 Rh4+ 80. Kb3 Rh1 81. Rg4 Rb1+ 82. Kc4 Rc1+ 83. Kd5 Rd1+ 84. Kc5 Rc1+ 1/2-1/2

[Event "Dresden ZMD op 20th"]
[White "Krauseneck, Peter"]
[Black "Gottschlich, Carsten"]
[Site "Dresden"]
[Round "5"]
[Result "1-0"]
[Date "2011.08.10"]
[WhiteElo "2230"]
[BlackElo "2350"]
[PlyCount "105"]
[EventDate "2011.08.06"]
[EventType "swiss"]
[EventRounds "9"]
[EventCountry "GER"]
[SourceTitle "CBM 143 Extra"]
[Source "ChessBase"]
[SourceDate "2011.08.29"]
[SourceVersion "1"]
[SourceVersionDate "2011.08.29"]
[SourceQuality "1"]

1. e4 c5 2. Nf3 Nc6 3. Bb5 g6 4. Bxc6 dxc6 5. 0-0 Bg7 6. d3 Nf6 7. Nbd2 0-0 8. Rb1 Ne8 9. Ne1 e5 10. f4 exf4 11. Rxf4 Qc7 12. Rf1 Be6 13. b3 Nd6 14. Bb2 Bxb2 15. Rxb2 f5 16. Nef3 fxe4 17. dxe4 c4 18. c3 Rae8 19. Re1 cxb3 20. axb3 Bg4 21. Qe2 Bxf3 22. gxf3 Rf4 23. Rf1 Nf7 24. Ra2 a6 25. Qc4 Re5 26. Rf2 Rh5 27. Nf1 Kg7 28. Qd4+ Kh6 29. Ng3 Rh3 30. Rad2 Ng5 31. Rd3 Qf7 32. Kg2 Rfh4 33. Nf1 Qf4 34. Qe3 Ne6 35. Kg1 Rh5 36. Ng3 Ra5 37. Ne2 Rg5+ 38. Kh1 Qxe3 39. Rxe3 Ra5 40. Kg2 Rhh5 41. f4 Ra3 42. f5 gxf5 43. exf5 Rg5+ 44. Ng3 Nf8 45. h4 Rg8 46. b4 a5 47. bxa5 Rxa5 48. Re7 Rc5 49. Rf3 b5 50. Kh3 Rd5 51. Ne4 Rd7 52. Nf6 Rg7 53. Nxd7 1-0

[Event "Staufenberg Muender op 1st"]
[White "Carlstedt, Jonathan"]
[Black "Gottschlich, Carsten"]
[Site "Staufenberg"]
[Round "6"]
[Result "0-1"]
[Date "2011.06.13"]
[WhiteElo "2308"]
[BlackElo "2344"]
[PlyCount "80"]
[EventDate "2011.06.10"]
[EventType "swiss"]
[EventRounds "7"]
[EventCountry "GER"]
[SourceTitle "CBM 142 Extra"]
[Source "ChessBase"]
[SourceDate "2011.06.27"]
[SourceVersion "1"]
[SourceVersionDate "2011.06.27"]
[SourceQuality "1"]

1. c4 c5 2. g3 g6 3. Bg2 Bg7 4. Nc3 Nc6 5. a3 d6 6. Rb1 a5 7. Nf3 e5 8. 0-0 Nge7 9. Ne1 Be6 10. Nd5 Rb8 11. d3 0-0 12. Bd2 b5 13. b3 b4 14. a4 Qd7 15. Nc2 Bh3 16. Qc1 Nxd5 17. cxd5 Nd4 18. Qd1 h5 19. e3 Nxc2 20. Qxc2 h4 21. e4 Bxg2 22. Kxg2 h3+ 23. Kh1 f5 24. f3 Rf6 25. Rf2 Rbf8 26. Rbf1 Kh7 27. Qc4 Bh6 28. Bxh6 Kxh6 29. Qa6 Qd8 30. Kg1 R8f7 31. f4 exf4 32. gxf4 fxe4 33. Kh1 e3 34. Rf3 e2 35. Re1 Rxf4 36. Rxh3+ Kg7 37. Rxe2 Qf6 38. Rg3 Rf1+ 39. Kg2 Rg1+ 40. Kxg1 Qf1# 0-1

[Event "Staufenberg Muender op 1st"]
[White "Gottschlich, Carsten"]
[Black "Schmitt, Carsten"]
[Site "Staufenberg"]
[Round "5"]
[Result "1-0"]
[Date "2011.06.12"]
[WhiteElo "2344"]
[BlackElo "1968"]
[PlyCount "61"]
[EventDate "2011.06.10"]
[EventType "swiss"]
[EventRounds "7"]
[EventCountry "GER"]
[SourceTitle "CBM 142 Extra"]
[Source "ChessBase"]
[SourceDate "2011.06.27"]
[SourceVersion "1"]
[SourceVersionDate "2011.06.27"]
[SourceQuality "1"]

1. d4 d5 2. c4 e6 3. Nc3 c6 4. e3 f5 5. f4 Nf6 6. Nf3 Be7 7. Be2 0-0 8. 0-0 Ne4 9. Bd2 Nd7 10. Rb1 a5 11. a3 Ndf6 12. c5 Qe8 13. Ne5 Bd8 14. Na4 Bc7 15. Be1 Bd7 16. Bh4 Qc8 17. g4 g6 18. Bxf6 Nxf6 19. g5 Ne4 20. Nd3 Qd8 21. h4 h5 22. Bf3 Kg7 23. Kg2 Bc8 24. Qc2 Ra6 25. Rfc1 b5 26. cxb6 Bxb6 27. Bxe4 fxe4 28. Ne5 Bxd4 29. exd4 Rxf4 30. Rh1 e3 31. Qxg6+ 1-0

[Event "Oberliga Nord W 1011"]
[White "Gottschlich, Carsten"]
[Black "Hoellmann, Ludger"]
[Site "Germany"]
[Round "9.6"]
[Result "1-0"]
[Date "2011.04.10"]
[WhiteElo "2344"]
[BlackElo "1926"]
[PlyCount "69"]
[EventDate "2010.10.10"]
[EventType "team-tourn"]
[EventRounds "9"]
[EventCountry "GER"]
[SourceTitle "EXT 2012"]
[Source "ChessBase"]
[SourceDate "2011.11.24"]
[SourceVersion "1"]
[SourceVersionDate "2011.11.24"]
[SourceQuality "1"]
[WhiteTeam "Goettingen Tempo"]
[BlackTeam "Nordhorn Blanke"]
[WhiteTeamCountry "GER"]
[BlackTeamCountry "GER"]

1. d4 d6 2. c4 e5 3. dxe5 dxe5 4. Qxd8+ Kxd8 5. Nc3 c6 6. b3 f6 7. Bb2 Be6 8. e3 Nd7 9. Bd3 Nh6 10. h3 Kc7 11. g4 Rd8 12. Bc2 Nf7 13. f4 exf4 14. exf4 Nb6 15. Nge2 h5 16. gxh5 Rxh5 17. Bg6 Rh6 18. f5 Ne5 19. Nf4 Bc8 20. Rd1 Rxd1+ 21. Kxd1 Nxg6 22. fxg6 Bg4+ 23. Nce2 Bd6 24. Bc1 Kd7 25. c5 Bxc5 26. Nd3 Bxe2+ 27. Kxe2 Rh5 28. h4 Bd6 29. Kf3 Rf5+ 30. Kg4 Rd5 31. Nf2 Bc5 32. h5 Bxf2 33. h6 gxh6 34. g7 f5+ 35. Kf3 1-0

[Event "Oberliga Nord W 0607"]
[White "Mossakowski, Florian"]
[Black "Gottschlich, Carsten"]
[Site "Germany"]
[Round "7.3"]
[Result "1-0"]
[Date "2007.03.18"]
[WhiteElo "2339"]
[BlackElo "2341"]
[PlyCount "93"]
[EventDate "2006.10.15"]
[EventType "team-tourn"]
[EventRounds "9"]
[EventCountry "GER"]
[SourceTitle "EXT 2008"]
[Source "ChessBase"]
[SourceDate "2007.11.25"]
[SourceVersion "1"]
[SourceVersionDate "2007.11.25"]
[SourceQuality "1"]
[WhiteTeam "Bremer SG"]
[BlackTeam "Goettingen"]
[WhiteTeamCountry "GER"]
[BlackTeamCountry "GER"]

1. e4 c5 2. Nf3 d6 3. Bb5+ Bd7 4. Bxd7+ Qxd7 5. 0-0 e6 6. b3 Be7 7. Bb2 Bf6 8. c3 d5 9. exd5 exd5 10. d4 cxd4 11. cxd4 Ne7 12. Ne5 Qd8 13. Ng4 Nd7 14. Ba3 0-0 15. Nc3 Re8 16. Bxe7 Bxe7 17. Nxd5 Ba3 18. Qd2 Re6 19. Rad1 Bd6 20. g3 h5 21. Nge3 Nf8 22. Qd3 h4 23. Qf5 Rg6 24. Qf3 Ne6 25. Nc4 Rc8 26. Ne5 Bxe5 27. dxe5 Qg5 28. Qe3 Qxe3 29. Nxe3 hxg3 30. hxg3 Nf8 31. Kg2 Ra6 32. Rd2 g5 33. Rh1 Re8 34. Ng4 Kg7 35. f4 gxf4 36. gxf4 Rc8 37. f5 Rac6 38. Kg3 Rc2 39. Rhh2 Rxd2 40. Rxd2 Rc7 41. Kf4 Nd7 42. f6+ Kf8 43. Rh2 Ke8 44. Rh8+ Nf8 45. Nf2 Rc8 46. Ne4 Kd7 47. Kf5 1-0

[Event "Oberliga Nord W 0607"]
[White "Weyrich, Morten"]
[Black "Gottschlich, Carsten"]
[Site "Germany"]
[Round "4.2"]
[Result "1-0"]
[Date "2006.12.10"]
[WhiteElo "2323"]
[BlackElo "2341"]
[PlyCount "65"]
[EventDate "2006.10.15"]
[EventType "team-tourn"]
[EventRounds "9"]
[EventCountry "GER"]
[SourceTitle "EXT 2008"]
[Source "ChessBase"]
[SourceDate "2007.11.25"]
[SourceVersion "1"]
[SourceVersionDate "2007.11.25"]
[SourceQuality "1"]
[WhiteTeam "Hameln"]
[BlackTeam "Goettingen"]
[WhiteTeamCountry "GER"]
[BlackTeamCountry "GER"]

1. c4 c5 2. g3 g6 3. Bg2 Bg7 4. Nc3 Nc6 5. e4 e5 6. d3 Nge7 7. Be3 d6 8. Qd2 Nd4 9. Nd5 Nxd5 10. cxd5 0-0 11. h4 f5 12. 0-0-0 Bd7 13. Kb1 Rc8 14. Rc1 Bb5 15. Ne2 f4 16. Bxd4 cxd4 17. gxf4 Bh6 18. Rxc8 Qxc8 19. Bh3 Qd8 20. h5 Bxf4 21. Nxf4 Rxf4 22. hxg6 hxg6 23. f3 Kg7 24. Be6 Rh4 25. Rg1 Rh6 26. a4 Bd7 27. f4 Bxe6 28. dxe6 exf4 29. Qxf4 Qf8 30. Qg5 Qf6 31. Qd5 Qf2 32. Qxb7+ Kh8 33. Rc1 1-0

[Event "Oberliga Nord W 0506"]
[White "Rust, Stephan"]
[Black "Gottschlich, Carsten"]
[Site "Germany"]
[Round "4.4"]
[Result "1-0"]
[Date "2005.12.11"]
[WhiteElo "2225"]
[BlackElo "2363"]
[PlyCount "97"]
[EventDate "2005.10.23"]
[EventType "team-tourn"]
[EventRounds "9"]
[EventCountry "GER"]
[SourceTitle "CBM 111 Extra"]
[Source "ChessBase"]
[SourceDate "2006.05.09"]
[SourceVersion "1"]
[SourceVersionDate "2006.05.09"]
[SourceQuality "1"]
[WhiteTeam "Hameln"]
[BlackTeam "Goettingen"]
[WhiteTeamCountry "GER"]
[BlackTeamCountry "GER"]

1. d4 Nf6 2. Nf3 d5 3. Bf4 c5 4. c3 Qb6 5. Qb3 c4 6. Qxb6 axb6 7. Nbd2 Bf5 8. h3 h6 9. g4 Bh7 10. Bg2 e6 11. 0-0 b5 12. a3 Nbd7 13. Bc7 Ne4 14. Nxe4 Bxe4 15. Nd2 Bxg2 16. Kxg2 Be7 17. e4 f6 18. exd5 exd5 19. Rfe1 Kf7 20. Nf1 Rhc8 21. Bf4 Nb6 22. Rad1 Bf8 23. h4 Na4 24. Bc1 Re8 25. h5 Rad8 26. Rxe8 Rxe8 27. Ne3 Nb6 28. Nf5 Re4 29. f3 Re2+ 30. Kf1 Rh2 31. Kg1 Re2 32. Kf1 Rc2 33. Ne3 Rh2 34. Kg1 Bd6 35. Nf5 Bb8 36. Re1 Nc8 37. f4 Rh3 38. Be3 Rf3 39. Kg2 Rxf4 40. Bxf4 Bxf4 41. Kf3 Bd2 42. Rd1 Bg5 43. Ra1 g6 44. hxg6+ Kxg6 45. a4 bxa4 46. Rxa4 h5 47. Ra8 hxg4+ 48. Kxg4 Nb6 49. Rb8 1-0

[Event "Oberliga Nord W 0405"]
[White "Buescher, Andre"]
[Black "Gottschlich, Carsten"]
[Site "Germany"]
[Round "5.2"]
[Result "0-1"]
[Date "2005.01.16"]
[WhiteElo "2045"]
[BlackElo "2382"]
[PlyCount "68"]
[EventDate "2004.10.24"]
[EventType "team-tourn"]
[EventRounds "9"]
[EventCountry "GER"]
[SourceTitle "EXT 2006"]
[Source "ChessBase"]
[SourceDate "2005.11.24"]
[SourceVersion "1"]
[SourceVersionDate "2005.11.24"]
[SourceQuality "1"]
[WhiteTeam "Bremen Nord"]
[BlackTeam "Goettingen Tempo"]
[WhiteTeamCountry "GER"]
[BlackTeamCountry "GER"]

1. Nf3 c5 2. c4 g6 3. Nc3 Bg7 4. g3 Nc6 5. Bg2 a6 6. a3 Rb8 7. Rb1 b5 8. cxb5 axb5 9. b4 cxb4 10. axb4 e5 11. d3 d5 12. Qb3 Nge7 13. 0-0 h6 14. e4 Be6 15. exd5 Nxd5 16. Nxd5 Bxd5 17. Qc2 0-0 18. Be3 Qf6 19. Nd2 Bxg2 20. Kxg2 Rfd8 21. Ne4 Qe6 22. Qb3 Nd4 23. Bxd4 Qxb3 24. Rxb3 Rxd4 25. Ra1 Bf8 26. Nc5 Rd5 27. Ne4 Kg7 28. Ra7 Rc8 29. h4 Rc2 30. Kf3 Rc8 31. Rb7 Rcd8 32. Ke3 R8d7 33. Rb6 Be7 34. Nc5 Rxc5 0-1

[Event "Oberliga Nord W 0405"]
[White "Lammers, Markus"]
[Black "Gottschlich, Carsten"]
[Site "Germany"]
[Round "2.3"]
[Result "1-0"]
[Date "2004.11.14"]
[WhiteElo "2151"]
[BlackElo "2382"]
[PlyCount "57"]
[EventDate "2004.10.24"]
[EventType "team-tourn"]
[EventRounds "9"]
[EventCountry "GER"]
[SourceTitle "EXT 2006"]
[Source "ChessBase"]
[SourceDate "2005.11.24"]
[SourceVersion "1"]
[SourceVersionDate "2005.11.24"]
[SourceQuality "1"]
[WhiteTeam "Delmenhorst"]
[BlackTeam "Goettingen Tempo"]
[WhiteTeamCountry "GER"]
[BlackTeamCountry "GER"]

1. e4 c5 2. Nf3 d6 3. c3 Nf6 4. Bd3 Bg4 5. 0-0 e6 6. Bc2 d5 7. d3 Be7 8. Nbd2 0-0 9. h3 Bh5 10. Qe2 Nc6 11. g4 Bg6 12. Nh2 e5 13. Re1 d4 14. Ba4 Qc7 15. Nc4 Nd7 16. f4 exf4 17. Rf1 Bg5 18. Nf3 h6 19. h4 Be7 20. Qh2 Nf6 21. h5 Bh7 22. Bxf4 Qc8 23. g5 Qg4+ 24. Kh1 hxg5 25. Nxg5 Nxh5 26. Nxh7 Kxh7 27. Bd1 Qh4 28. Qxh4 Bxh4 29. Bxh5 1-0

[Event "Monarch Assurance 13th"]
[White "Schneider, Dmitry"]
[Black "Gottschlich, Carsten"]
[Site "Port Erin"]
[Round "9"]
[Result "1/2-1/2"]
[Date "2004.10.03"]
[WhiteElo "2454"]
[BlackElo "2382"]
[PlyCount "117"]
[EventDate "2004.09.25"]
[EventType "swiss"]
[EventRounds "9"]
[EventCountry "IOM"]
[SourceTitle "CBM 102 Extra"]
[Source "ChessBase"]
[SourceDate "2004.11.03"]
[SourceVersion "1"]
[SourceVersionDate "2004.11.03"]
[SourceQuality "1"]

1. e4 c5 2. Nf3 d6 3. d4 cxd4 4. Nxd4 Nf6 5. Nc3 a6 6. Be3 e6 7. f3 b5 8. g4 h6 9. Qd2 b4 10. Na4 d5 11. e5 Nfd7 12. f4 Bb7 13. 0-0-0 Nc6 14. b3 Nxd4 15. Bxd4 Bc6 16. Nb2 a5 17. Nd3 Be7 18. f5 Bg5 19. Nf4 a4 20. h4 Bxf4 21. Qxf4 Qe7 22. f6 Qf8 23. fxg7 Qxg7 24. Bd3 Rb8 25. g5 Bb5 26. Bxb5 Rxb5 27. Rhg1 hxg5 28. Rxg5 Qh7 29. h5 Rb7 30. Rdg1 Rc7 31. Qf2 Rf8 32. R1g2 axb3 33. axb3 Qd3 34. R5g3 Rxc2+ 35. Qxc2 Qxd4 36. Rg8 Qa1+ 37. Kd2 Qd4+ 38. Qd3 Qb2+ 39. Qc2 Qd4+ 40. Qd3 Qxe5 41. h6 Qb2+ 42. Kd1 Qa1+ 43. Kc2 Qa2+ 44. Kd1 Qa1+ 45. Ke2 Qe5+ 46. Qe3 Qh5+ 47. Kf2 Qh4+ 48. Kg1 d4 49. Qg5 Qe1+ 50. Kh2 Rxg8 51. Qxg8+ Nf8 52. Qg5 Qe4 53. Qb5+ Nd7 54. Rg8+ Ke7 55. Qxb4+ Kf6 56. Qd2 Ke7 57. Qb4+ Kf6 58. Qd2 Ke7 59. Qb4+ 1/2-1/2

[Event "Oberliga Nord W 0203"]
[White "Weyrich, Morten"]
[Black "Gottschlich, Carsten"]
[Site "Germany"]
[Round "8.2"]
[Result "1-0"]
[Date "2003.03.09"]
[WhiteElo "2332"]
[BlackElo "2310"]
[PlyCount "81"]
[EventDate "2002.10.20"]
[EventType "team-tourn"]
[EventRounds "9"]
[EventCountry "GER"]
[SourceTitle "EXT 2004"]
[Source "ChessBase"]
[SourceDate "2003.11.25"]
[SourceVersion "1"]
[SourceVersionDate "2003.11.25"]
[SourceQuality "1"]
[WhiteTeam "Hameln"]
[BlackTeam "Goettingen Tempo"]
[WhiteTeamCountry "GER"]
[BlackTeamCountry "GER"]

1. g3 d5 2. Bg2 c6 3. b3 e5 4. Bb2 Bd6 5. c4 Nf6 6. Nf3 Qe7 7. 0-0 0-0 8. d3 Bg4 9. h3 Bf5 10. Nh4 Be6 11. Nc3 d4 12. Ne4 Nxe4 13. dxe4 g6 14. Bc1 f5 15. Bh6 Rf7 16. exf5 gxf5 17. e4 fxe4 18. Bxe4 Nd7 19. Bg2 c5 20. Bxb7 Rb8 21. Bg2 Kh8 22. Qd2 Rg8 23. Rae1 Qf6 24. Nf3 Rg6 25. Bg5 Qg7 26. h4 h6 27. Bd8 Rf8 28. Ba5 Rf4 29. h5 Rgg4 30. Nh2 Rg5 31. Qd1 e4 32. Bd2 e3 33. Bxe3 dxe3 34. Qxd6 exf2+ 35. Rxf2 Rxf2 36. Kxf2 Nf8 37. Nf3 Qf7 38. Re5 Qf6 39. Rxg5 hxg5 40. Qxc5 Qb2+ 41. Kg1 1-0

[Event "Oberliga Nord W 0203"]
[White "Gottschlich, Carsten"]
[Black "Brodhuhn, Reinhard"]
[Site "Germany"]
[Round "7.2"]
[Result "1-0"]
[Date "2003.02.23"]
[WhiteElo "2310"]
[BlackElo "2237"]
[PlyCount "61"]
[EventDate "2002.10.20"]
[EventType "team-tourn"]
[EventRounds "9"]
[EventCountry "GER"]
[SourceTitle "EXT 2004"]
[Source "ChessBase"]
[SourceDate "2003.11.25"]
[SourceVersion "1"]
[SourceVersionDate "2003.11.25"]
[SourceQuality "1"]
[WhiteTeam "Goettingen Tempo"]
[BlackTeam "Hannover SF"]
[WhiteTeamCountry "GER"]
[BlackTeamCountry "GER"]

1. d4 d5 2. c4 e6 3. Nf3 c6 4. Qc2 Nd7 5. g3 Ngf6 6. Bg2 Be7 7. 0-0 0-0 8. Nbd2 b6 9. e4 dxe4 10. Nxe4 Bb7 11. Rd1 Re8 12. Ne5 Qc7 13. Bf4 Nh5 14. Bg5 f6 15. Nxd7 Qxd7 16. Be3 f5 17. Ng5 Nf6 18. Nf3 Rad8 19. Bf4 Qc8 20. c5 Nd5 21. Be5 bxc5 22. dxc5 Ba6 23. a3 Qb7 24. b4 Bf6 25. Rab1 Bxe5 26. Nxe5 Qc7 27. Re1 Rb8 28. Bxd5 cxd5 29. a4 Bc8 30. b5 a6 31. b6 1-0

[Event "Oberliga Nord W 0102"]
[White "Gottschlich, Carsten"]
[Black "Brodhuhn, Reinhard"]
[Site "Germany"]
[Round "3.3"]
[Result "0-1"]
[Date "2001.11.25"]
[WhiteElo "2297"]
[BlackElo "2251"]
[PlyCount "92"]
[EventDate "2001.10.07"]
[EventType "team-tourn"]
[EventRounds "9"]
[EventCountry "GER"]
[SourceTitle "EXT 2003"]
[Source "ChessBase"]
[SourceDate "2002.11.25"]
[SourceVersion "1"]
[SourceVersionDate "2002.11.25"]
[SourceQuality "1"]
[WhiteTeam "Goettingen"]
[BlackTeam "Hannover"]
[WhiteTeamCountry "GER"]
[BlackTeamCountry "GER"]

1. d4 d5 2. c4 e6 3. Nc3 c6 4. e3 Nf6 5. Nf3 Nbd7 6. b3 Bb4 7. Bd2 Qe7 8. Be2 0-0 9. 0-0 Bd6 10. Qc2 dxc4 11. bxc4 e5 12. Bd3 Re8 13. Ng5 h6 14. Nge4 Bc7 15. d5 Nxe4 16. Nxe4 f5 17. d6 Bxd6 18. Nxd6 Qxd6 19. Bxf5 Nf6 20. Bg6 Rd8 21. Bc3 Be6 22. f4 Qc5 23. Rae1 Qxc4 24. fxe5 Nd5 25. Bd4 Qxc2 26. Bxc2 Nc7 27. a4 b6 28. Rb1 c5 29. Bc3 Rab8 30. Rfc1 Bc4 31. Rb2 Rd7 32. a5 b5 33. Be1 Rbd8 34. Kf2 a6 35. g4 Rf8+ 36. Kg3 Rf1 37. Bf5 Re7 38. e4 Ne6 39. Rxc4 bxc4 40. Bc3 Rd1 41. Kg2 g6 42. Rb6 gxf5 43. gxf5 Rc1 44. Bb2 Rc2+ 45. Kf1 c3 46. Ba3 Ra2 0-1